LIBRARY & INFORMATION CENTRE, KCAET, TAVANUR

ONLINE PUBLIC ACCESS CATALOGUE (OPAC)

Development and performance evalation of garlic bulb breaker cum peeler (Record no. 15724)

MARC details
000 -LEADER
fixed length control field 00455nam a22001577a 4500
003 - CONTROL NUMBER IDENTIFIER
control field OSt
082 ## - DEWEY DECIMAL CLASSIFICATION NUMBER
Classification number 664
Item number ARC/DE
088 ## - REPORT NUMBER
Report number P 457
100 ## - MAIN ENTRY--AUTHOR NAME
Personal name Archana P
100 ## - MAIN ENTRY--AUTHOR NAME
Personal name Midhila P K
100 ## - MAIN ENTRY--AUTHOR NAME
Personal name Nasim Banu B
245 ## - TITLE STATEMENT
Title Development and performance evalation of garlic bulb breaker cum peeler
260 ## - PUBLICATION, DISTRIBUTION, ETC. (IMPRINT)
Place of publication Tavanur
Name of publisher Department of Processing and Food Engineering
Year of publication 2019
700 ## - ADDED ENTRY--PERSONAL NAME
Personal name Santhi Mary Mathew (Guide)
942 ## - ADDED ENTRY ELEMENTS (KOHA)
Koha item type Project Report
Holdings
Collection code Home library Current library Shelving location Full call number Accession Number Koha item type
Reference KAUAET KAUAET Reference 664 ARC/DE P 457 Project Report
free website counter